000 00891nam a2200229Ia 4500
001 8510
003 GE_BSU
008 181216s||||||||xx |||||||||||||| ||und||
040 _cGE_BSU
080 _a82-93
100 _aვადაჭკორია,დოდო.
245 _aვარსკვლავები საჩუქრად.
245 _bმოთხრობები:უფროსი სასკ.ასაკის ბავშვებისათვის.
245 _cრედ:მიმოზა ახვლედიანი;მხატვ:თ.ფოცხიშვილი.
260 _aთბილისი.
260 _bნაკადული.
260 _c1984.
300 _a243გვ;ილ;22სმ.
653 _aვარსკვლავები საჩუქრად.
653 _aმოთხრობები.
942 _cBK
999 _c41827
_d41827